Online Catalogue and eLibrary

David Coperfield (Record no. 4849)

MARC details
000 -LEADER
fixed length control field 00386nam a2200157Ia 4500
005 - DATE AND TIME OF LATEST TRANSACTION
control field 20250310044336.0
008 - FIXED-LENGTH DATA ELEMENTS--GENERAL INFORMATION
fixed length control field 240331s9999 xx 000 0 und d
020 ## - INTERNATIONAL STANDARD BOOK NUMBER
ISBN 9552103193
082 ## - DDC Classification
Item Number - Author Mark DIK
Class No. 800
100 ## - MAIN ENTRY--PERSONAL NAME
Personal name Dikans,C
245 #0 - TITLE STATEMENT
Title David Coperfield
260 ## - PUBLICATION, DISTRIBUTION, ETC.
Place of publication, distribution, etc. Nugegoda
Name of publisher, distributor, etc. M.D.Gunasena & co
Date of publication, distribution, etc. 1991
300 ## - PHYSICAL DESCRIPTION
Extent (e.g. Volumes, Pages etc.) xiv, 152 p .,
500 ## - GENERAL NOTE
General note Story of David Coperfield
942 ## - Koha item type (Biblio)
Koha item type Books in Stacks (Lending)
Holdings
Lost status Damaged status Collection code Home library Current library Shelving location Date acquired Full call number Accession Number Item type
    Lending WERC Library WERC Library Social Science Cupboard 03/31/2024 800 DIK 1410 Books in Stacks (Lending)

© WERC Library